Principles of Mahomedan Law incorporating The Wakf (Amendment) act, 2013 with effect from 1 November, 2013 / (Record no. 84379)

MARC details
000 -LEADER
fixed length control field 00799nam a22002177a 4500
005 - DATE AND TIME OF LATEST TRANSACTION
control field 20140801123056.0
010 ## - LCCN (DPL NO)
LC control number ENG-109956
020 ## - INTERNATIONAL STANDARD BOOK NUMBER
International Standard Book Number 9789351431497
Terms of availability 995.00
035 ## - SYSTEM CONTROL NUMBER
System control number EN-93489
037 ## - SOURCE OF ACQUISITION
Source of stock number/acquisition DBAD/PUB
082 ## - DEWEY DECIMAL CLASSIFICATION NUMBER
Classification number 340.59
100 ## - MAIN ENTRY--PERSONAL NAME
Personal name Mulla, Dinshaw Fardunji
245 ## - TITLE STATEMENT
Title Principles of Mahomedan Law incorporating The Wakf (Amendment) act, 2013 with effect from 1 November, 2013 /
Statement of responsibility, etc by Dinshaw Fardunji Mulla; revised by Iqbal Ali Khan ; foreworded by Salman Khurshid
250 ## - EDITION STATEMENT
Edition statement 20th updated ed
260 ## - PUBLICATION, DISTRIBUTION, ETC. (IMPRINT)
Place of publication, distribution, etc Gurgaon
Name of publisher, distributor, etc Lexis Nexis
Date of publication, distribution, etc 2014
270 ## - ADDRESS
Address 14th Floor, Bldg No.10, Tower-B, DLF Cyber City, Phase-II
City Gurgaon
Postal code 122002
300 ## - PHYSICAL DESCRIPTION
Extent lxxxvi,645p.
Dimensions 24cm(pbk)
500 ## - GENERAL NOTE
General note Includes index
700 ## - ADDED ENTRY--PERSONAL NAME
Personal name Iqbal Ali Khan
942 ## - ADDED ENTRY ELEMENTS (KOHA)
Source of classification or shelving scheme Dewey Decimal Classification
Item type English Books
Call number suffix MUL
Classification part 340.59
Holdings
Withdrawn status Lost status Not for loan Collection code Home library Current library Date acquired Source of acquisition Cost, normal purchase price Full call number Barcode Copy number Cost, replacement price Koha item type
    Not For Loan Non-fiction D.B.Act.Division D.B.Act.Division 21/05/2014 DBAD/PUB 995.00 340.59 MUL EN-93489 1 995.00 English Books

© Delhi Public Library
Hit Counter
free hit counter